01123 a2200193 45000010006000000050017000060080041000230030015000640400040000790800038001192450083001570200022002402640041002623000024003035050473003270410008008001000021008088560100008293440020260407155631.0260407a2012 arg spa dAR-UNSa-BCEJYS aAR-UNSa-BCEJYSbspacAR-UNSa-BCEJYS a336.74xMoneda. Sistema monetario10aModern money theorypa primer on macroeconomics for sovereign monetary systems a978-0-230-36888-0 1aNew York :bPalgrave Macmillanc2012 axvi, 294 p.c21 cm. a1. The basics of macroeconomic accounting - 2. Spending by issuer of domestic currency - 3. The domestic monetary system: banking and central banking - 4. Fiscal operations in a nation that issues its own currency - 5. Modern money theory and alternative exchange rate regimes - 6. Monetary and fiscal policy for sovereign currencies: what should government do? - 7. Policy for full employment and price stability - 8. What is money? Conclusions on the nature of money aspa1 aWray, L. Randall41uhttps://biblioeco.unsa.edu.ar/pmb/images/libros/modern_money.jpgyImagen de portadaqimage/jpeg